00472nam a2200145Ia 4500008004100000082001800041100001700059245003200076260004600108300001800154650002800172942000700200999001900207952010000226230907s9999||||xx |||||||||||||| ||und|| a895.1808bHEN aHeng, Liang. 0aChina Manifested in Trees / aForeign Languages Press,bBeijing :c2019 aiii, 282 p. : aChinese Studies9116214 cBK c601633d601633 00104070aCAS-EbCAS-Ed2021-12-09l0o895.1808 HENpCAS-ED000023r2023-09-12w2023-09-12yBK